[Event "CAN op"]
[Site "Hamilton CAN"]
[Date "2022.07.14"]
[Round "5.71"]
[White "Narula, Japveer"]
[Black "Eiserloh, Clement"]
[Result "0-1"]
[WhiteElo "1326"]
[BlackElo "1678"]
[PlyCount "104"]
[EventDate "2022.07.12"]
[EventType "swiss"]
[EventRounds "9"]
[EventCountry "CAN"]

1. e4 c5 2. Nf3 Nc6 3. d4 cxd4 4. Nxd4 e5 5. Nxc6 bxc6 6. Nc3 Bb4 7. Bd2 Nf6 8.
Bd3 O-O 9. O-O d5 10. f4 dxe4 11. Nxe4 Nxe4 12. Bxb4 Qd4+ 13. Kh1 Qxb4 14. c3
Nxc3 15. bxc3 Qxc3 16. Qf3 Qd4 17. Rad1 e4 18. Bxe4 Qf6 19. Rc1 Bb7 20. Bxc6
Bxc6 21. Rxc6 Qb2 22. Qf2 Qxf2 23. Rxf2 Rfc8 24. Rfc2 Rxc6 25. Rxc6 Rd8 26. h3
g6 27. Rc7 a5 28. Ra7 Rd5 29. Kh2 Kg7 30. Kg3 h6 31. Kf3 g5 32. Ke4 Rb5 33. f5
Rb4+ 34. Kd3 Rb2 35. Rxa5 Rxg2 36. Re5 Rxa2 37. Re3 Ra3+ 38. Ke4 Rxe3+ 39. Kxe3
Kf6 40. Ke4 h5 41. h4 gxh4 42. Kf4 h3 43. Kg3 Kxf5 44. Kxh3 Kf4 45. Kg2 f5 46.
Kf2 h4 47. Kg2 Ke3 48. Kg1 f4 49. Kf1 f3 50. Ke1 h3 51. Kf1 h2 52. Ke1 h1=Q#
0-1

[Event "CAN op"]
[Site "Hamilton CAN"]
[Date "2022.07.14"]
[Round "5.72"]
[White "Zhu, Charis"]
[Black "Hartman, Liam"]
[Result "1-0"]
[WhiteElo "1640"]
[BlackElo "1268"]
[PlyCount "38"]
[EventDate "2022.07.12"]
[EventType "swiss"]
[EventRounds "9"]
[EventCountry "CAN"]

1. d4 Nf6 2. Bf4 e6 3. Nf3 c5 4. e3 b6 5. dxc5 Bxc5 6. c4 O-O 7. Nc3 Bb7 8. Bd6
Bxd6 9. Qxd6 Na6 10. Rd1 Rc8 11. Be2 Re8 12. O-O Bxf3 13. Bxf3 Rxc4 14. Be2 Rc6
15. Qxc6 dxc6 16. Rxd8 Rxd8 17. Bxa6 b5 18. Rd1 Rb8 19. Rd6 Rb6 1-0

[Event "CAN op"]
[Site "Hamilton CAN"]
[Date "2022.07.14"]
[Round "5.73"]
[White "Chen, Sam"]
[Black "Maheux, Pierre"]
[Result "1/2-1/2"]
[WhiteElo "1299"]
[BlackElo "1624"]
[PlyCount "68"]
[EventDate "2022.07.12"]
[EventType "swiss"]
[EventRounds "9"]
[EventCountry "CAN"]

1. e4 c5 2. Nf3 Nc6 3. d4 cxd4 4. Nxd4 e5 5. Nb5 a6 6. Nd6+ Bxd6 7. Qxd6 Qf6 8.
Qxf6 Nxf6 9. Nc3 d5 10. Nxd5 Nxd5 11. exd5 Nb4 12. Bd3 Nxd3+ 13. cxd3 Bf5 14.
O-O Rd8 15. Re1 Rxd5 16. d4 Rxd4 17. Rxe5+ Be6 18. Be3 Rd5 19. Rxd5 Bxd5 20.
Bc5 Kd7 21. a3 Rc8 22. Rc1 b6 23. Be3 Rxc1+ 24. Bxc1 b5 25. f4 Ke6 26. g3 Kf5
27. Kf2 Ke4 28. Bd2 Kd3 29. Bc3 g6 30. g4 Ke4 31. Kg3 f5 32. g5 Ke3 33. h4 Bf7
34. Be5 Bd5 1/2-1/2

[Event "CAN op"]
[Site "Hamilton CAN"]
[Date "2022.07.14"]
[Round "5.74"]
[White "Ali, Shafkat"]
[Black "Dennahower, Michael"]
[Result "0-1"]
[WhiteElo "1619"]
[BlackElo "1281"]
[PlyCount "46"]
[EventDate "2022.07.12"]
[EventType "swiss"]
[EventRounds "9"]
[EventCountry "CAN"]

1. e4 d6 2. d4 Nf6 3. Nc3 g6 4. Nf3 Bg7 5. Bd3 Nbd7 6. h3 e5 7. Be3 a6 8. Qd2
O-O 9. dxe5 Nxe5 10. Nxe5 dxe5 11. O-O b6 12. f4 exf4 13. Bxf4 Nh5 14. Bh2 Bd4+
15. Kh1 Qh4 16. Rf3 Bg7 17. Raf1 c6 18. Bc4 Be6 19. Bxe6 fxe6 20. Rxf8+ Rxf8
21. Rxf8+ Bxf8 22. Bg1 Ng3+ 23. Kh2 Nf1+ 0-1

[Event "CAN op"]
[Site "Hamilton CAN"]
[Date "2022.07.14"]
[Round "5.75"]
[White "Parchizadeh, Ashkan"]
[Black "Holmgren, Emilian"]
[Result "1-0"]
[WhiteElo "1608"]
[BlackElo "1226"]
[PlyCount "139"]
[EventDate "2022.07.12"]
[EventType "swiss"]
[EventRounds "9"]
[EventCountry "CAN"]

1. d4 d5 2. c4 e6 3. Nf3 Nf6 4. Bg5 Be7 5. Nc3 h6 6. Bh4 Nc6 7. e3 O-O 8. Bd3
b6 9. O-O Ba6 10. cxd5 Bxd3 11. Qxd3 exd5 12. a3 Qd7 13. Rfc1 Na5 14. Ne5 Qe6
15. Nb5 Ne8 16. Bg3 c5 17. Rab1 c4 18. Qe2 a6 19. Nc3 Nb3 20. Re1 Nf6 21. Nf3
Ne4 22. Nxe4 Qxe4 23. Nd2 Nxd2 24. Qxd2 Rfd8 25. Bc7 Rd7 26. Bxb6 Rb8 27. Bc5
Bxc5 28. dxc5 Rb3 29. Qd4 Rdb7 30. Qxe4 dxe4 31. Rbc1 Rxb2 32. Rxc4 Ra2 33. a4
f5 34. c6 Rc7 35. g3 Kf7 36. Rb1 Ke6 37. Rb6 a5 38. Ra6 Kd5 39. Rd4+ Ke6 40.
Kg2 g6 41. h3 Rc2 42. Rxa5 R7xc6 43. g4 Ra2 44. gxf5+ gxf5 45. Rdd5 Rc7 46.
Re5+ Kd6 47. Rad5+ Kc6 48. Rc5+ Kd6 49. Rxc7 Kxe5 50. Ra7 f4 51. Re7+ Kd5 52.
exf4 Rxa4 53. f5 Ra6 54. Kg3 Ra3+ 55. Kg2 Rf3 56. Rh7 Rxf5 57. Rxh6 Rg5+ 58.
Kh2 Rf5 59. Kg3 Rf3+ 60. Kg2 Kd4 61. Rg6 Rf4 62. Rg4 Ke5 63. Rg3 Rh4 64. Re3
Kf4 65. Ra3 Rh5 66. Kf1 Rg5 67. Ke2 Rg6 68. h4 Rg2 69. Rh3 Kg4 70. Rg3+ 1-0

[Event "CAN op"]
[Site "Hamilton CAN"]
[Date "2022.07.14"]
[Round "5.76"]
[White "Buchatsky, Joseph"]
[Black "Frangakis, Evan"]
[Result "1-0"]
[WhiteElo "1256"]
[BlackElo "1589"]
[PlyCount "99"]
[EventDate "2022.07.12"]
[EventType "swiss"]
[EventRounds "9"]
[EventCountry "CAN"]

1. e4 c6 2. Nf3 d5 3. Nc3 Bg4 4. h3 Bh5 5. exd5 cxd5 6. g4 Bg6 7. Ne5 a6 8. h4
f6 9. Nxg6 hxg6 10. d4 e6 11. Bd3 Kf7 12. h5 gxh5 13. gxh5 f5 14. Qf3 Nc6 15.
Be3 Nb4 16. O-O-O Nxd3+ 17. Rxd3 Be7 18. Ne2 Nf6 19. Nf4 Ne4 20. Qg2 Bf6 21.
Qg6+ Ke7 22. f3 Nd6 23. h6 gxh6 24. Nh5 Qf8 25. Rc3 Rc8 26. Rxc8 Nxc8 27. Nxf6
Qxf6 28. Bg5 Qxg5+ 29. Qxg5+ hxg5 30. Rxh8 Nd6 31. Kd2 Nc4+ 32. Kc3 Nd6 33. Kd3
Kf6 34. Rh6+ Kf7 35. b3 b6 36. c4 dxc4+ 37. bxc4 g4 38. fxg4 fxg4 39. c5 bxc5
40. Rh7+ Kg6 41. dxc5 g3 42. Rh1 Nf7 43. Kd4 Kf6 44. Rg1 Nd8 45. Rxg3 Nc6+ 46.
Ke4 Nb4 47. Rb3 Nxa2 48. c6 Ke7 49. Rd3 Nb4 50. c7 1-0

[Event "CAN op"]
[Site "Hamilton CAN"]
[Date "2022.07.14"]
[Round "5.77"]
[White "Zhu, Isabelle"]
[Black "Benggawan, Undriadi"]
[Result "1-0"]
[WhiteElo "1179"]
[BlackElo "1584"]
[PlyCount "53"]
[EventDate "2022.07.12"]
[EventType "swiss"]
[EventRounds "9"]
[EventCountry "CAN"]

1. d4 g6 2. c4 Bg7 3. Nc3 c5 4. d5 f5 5. Bf4 Nf6 6. h3 d6 7. e3 Nbd7 8. Nf3 Qa5
9. Qc2 Nb6 10. Bd3 Ne4 11. Bxe4 fxe4 12. Nd2 Bd7 13. O-O O-O-O 14. Rab1 Na4 15.
Rfc1 Qa6 16. Nxa4 Qxa4 17. b3 Qa5 18. Nxe4 Bf5 19. g4 Bxe4 20. Qxe4 Qc7 21. b4
b6 22. bxc5 bxc5 23. Rb3 Kd7 24. Bg5 Ke8 25. Rcb1 Be5 26. f4 h6 27. Qxg6+ 1-0

[Event "CAN op"]
[Site "Hamilton CAN"]
[Date "2022.07.14"]
[Round "5.78"]
[White "Chychkevych, Bohdan"]
[Black "Sun, Michael"]
[Result "1-0"]
[WhiteElo "1580"]
[BlackElo "1043"]
[PlyCount "57"]
[EventDate "2022.07.12"]
[EventType "swiss"]
[EventRounds "9"]
[EventCountry "CAN"]

1. d4 c6 2. c4 d5 3. Nc3 Bf5 4. cxd5 cxd5 5. Qb3 e6 6. Qxb7 Nd7 7. Bf4 Ngf6 8.
Nf3 Be7 9. e3 O-O 10. Ba6 Nb6 11. Ne5 Qc8 12. Qxc8 Nxc8 13. Nc6 Bd6 14. Bb7
Bxf4 15. exf4 Nd6 16. Bxa8 Rxa8 17. O-O Kf8 18. f3 a6 19. Ne5 Nc4 20. Nxc4 dxc4
21. Rfd1 Rb8 22. Rd2 Nd5 23. Nxd5 exd5 24. Rc1 Bd3 25. Rc3 a5 26. b3 cxb3 27.
Rxb3 Rxb3 28. axb3 Ba6 29. Ra2 1-0

[Event "CAN op"]
[Site "Hamilton CAN"]
[Date "2022.07.14"]
[Round "5.79"]
[White "Wood, Monika"]
[Black "Moses, Neil"]
[Result "0-1"]
[WhiteElo "1062"]
[BlackElo "1578"]
[PlyCount "80"]
[EventDate "2022.07.12"]
[EventType "swiss"]
[EventRounds "9"]
[EventCountry "CAN"]

1. d4 Nf6 2. Nf3 e6 3. Bf4 d5 4. e3 c5 5. Bb5+ Bd7 6. Bxd7+ Nbxd7 7. O-O Be7 8.
c3 c4 9. Nbd2 b5 10. a3 a5 11. Ne5 Nxe5 12. Bxe5 O-O 13. b3 Rc8 14. b4 axb4 15.
axb4 Nd7 16. Nf3 Nb6 17. Qc2 Na4 18. Rab1 f6 19. Bg3 Bd6 20. Bxd6 Qxd6 21. Rfe1
e5 22. e4 Rfe8 23. Rbd1 dxe4 24. Rxe4 exd4 25. Rexd4 Qe6 26. Rf1 Qe2 27. Qc1
Qa2 28. Rd5 Qb3 29. Nd4 Qxc3 30. Nxb5 Qxb4 31. Nd6 Rcd8 32. Nxe8 Rxd5 33. Nc7
Rd7 34. Ne6 c3 35. Rd1 Qb2 36. g3 Rd2 37. Qa1 Qxa1 38. Rxa1 c2 39. Rxa4 c1=Q+
40. Kg2 Qc6+ 0-1

[Event "CAN op"]
[Site "Hamilton CAN"]
[Date "2022.07.14"]
[Round "5.80"]
[White "Helwig, Frank"]
[Black "Wiraszka, Michal"]
[Result "0-1"]
[WhiteElo "1559"]
[BlackElo "957"]
[PlyCount "66"]
[EventDate "2022.07.12"]
[EventType "swiss"]
[EventRounds "9"]
[EventCountry "CAN"]

1. d4 Nf6 2. c4 e5 3. dxe5 Ng4 4. e6 fxe6 5. e3 Bb4+ 6. Bd2 Bxd2+ 7. Nxd2 Nf6
8. Ngf3 Nc6 9. Be2 O-O 10. O-O a5 11. a3 b6 12. Qc2 Qe7 13. Nd4 Ne5 14. N2f3
Nxf3+ 15. Nxf3 Bb7 16. Rad1 Rad8 17. Nd4 Qc5 18. Bf3 Bxf3 19. Nxf3 e5 20. Ng5
c6 21. Rd2 Qe7 22. Ne4 Ng4 23. h3 Nh6 24. c5 bxc5 25. Qxc5 Qh4 26. Qc4+ Kh8 27.
Nd6 Qh5 28. Nb7 Rde8 29. Rxd7 e4 30. Qxc6 Rf6 31. Qd5 Rf5 32. Qd4 Rg5 33. Qd1
Qxh3 0-1

[Event "CAN op"]
[Site "Hamilton CAN"]
[Date "2022.07.14"]
[Round "5.86"]
[White "Xu, Eddie"]
[Black "Kearnan, Daniel"]
[Result "1-0"]
[WhiteElo "2088"]
[BlackElo "1769"]
[PlyCount "89"]
[EventDate "2022.07.12"]
[EventType "swiss"]
[EventRounds "9"]
[EventCountry "CAN"]

1. d4 Nf6 2. c4 b6 3. f3 Nc6 4. Nc3 e5 5. d5 Ne7 6. Nh3 Ng6 7. e3 Bc5 8. a3 a5
9. Rb1 O-O 10. b4 axb4 11. axb4 Be7 12. Be2 d6 13. Nf2 Ne8 14. O-O f5 15. Qc2
f4 16. Bd3 Bg5 17. exf4 Bxf4 18. Bxf4 Rxf4 19. Ne2 Rf7 20. Ra1 Rxa1 21. Rxa1
Qg5 22. Qc1 Qxc1+ 23. Rxc1 Nf4 24. Nxf4 Rxf4 25. Ra1 g6 26. Ra8 Bd7 27. Ne4 Kg7
28. c5 bxc5 29. bxc5 Rf8 30. Ra7 dxc5 31. Nxc5 Rf7 32. Nxd7 Rxd7 33. Bb5 Re7
34. Bxe8 Rxe8 35. Rxc7+ Kf6 36. Kf2 Rd8 37. Rc6+ Ke7 38. Re6+ Kf7 39. Rxe5 Kf6
40. f4 h6 41. Kf3 g5 42. Re6+ Kf7 43. Rxh6 Rxd5 44. Rh5 Rd3+ 45. Ke4 1-0

[Event "CAN op"]
[Site "Hamilton CAN"]
[Date "2022.07.14"]
[Round "5.87"]
[White "Moran-Venegas, Mario"]
[Black "Klein, Gernot"]
[Result "1/2-1/2"]
[WhiteElo "1754"]
[BlackElo "1925"]
[PlyCount "69"]
[EventDate "2022.07.12"]
[EventType "swiss"]
[EventRounds "9"]
[EventCountry "CAN"]

1. c4 e6 2. g3 d5 3. Bg2 Nf6 4. Nc3 Be7 5. d3 O-O 6. cxd5 exd5 7. Nf3 d4 8. Nb1
c5 9. O-O Nc6 10. Nbd2 Re8 11. Nc4 Bf8 12. a3 Bd7 13. Bf4 Qc8 14. Nd6 Bxd6 15.
Bxd6 Bh3 16. Bxc5 Bxg2 17. Kxg2 Qd7 18. a4 Qd5 19. Ba3 Re6 20. Rc1 Rae8 21. Rc5
Qd7 22. Re1 b6 23. Rc4 Ng4 24. e4 Rh6 25. h4 Rf6 26. Rc2 Nge5 27. Nxe5 Nxe5 28.
b3 Nf3 29. Rh1 Qg4 30. Qe2 h5 31. Bc1 g6 32. Bg5 Rf5 33. Bc1 Rf6 34. Bg5 Rf5
35. Bc1 1/2-1/2

[Event "CAN op"]
[Site "Hamilton CAN"]
[Date "2022.07.14"]
[Round "5.88"]
[White "Lazarev, Shon"]
[Black "Zhong, Ryan Yunhui"]
[Result "0-1"]
[WhiteElo "1924"]
[BlackElo "1480"]
[PlyCount "98"]
[EventDate "2022.07.12"]
[EventType "swiss"]
[EventRounds "9"]
[EventCountry "CAN"]

1. d4 d5 2. c4 dxc4 3. Nf3 Nf6 4. Nc3 e6 5. e3 a6 6. a4 Nc6 7. Bxc4 Na5 8. Bd3
b6 9. O-O Bb7 10. e4 Be7 11. Re1 O-O 12. e5 Nd5 13. Ne4 Bb4 14. Bd2 Bxd2 15.
Nfxd2 Nf4 16. Nf3 c5 17. Nd6 cxd4 18. Be4 Bxe4 19. Rxe4 Ng6 20. Rxd4 Nc6 21.
Rc4 Ncxe5 22. Nxe5 Nxe5 23. Rd4 Qf6 24. Rc1 h6 25. Ne4 Qg6 26. h3 Rac8 27. Rc3
Rxc3 28. Nxc3 Kh7 29. Qe2 Nc6 30. Rd6 Nb4 31. Rxb6 a5 32. Rb5 Nc6 33. h4 Nd4
34. Qc4 Nxb5 35. axb5 Qc2 36. Qa2 Qc1+ 37. Kh2 Qf4+ 38. Kg1 Rd8 39. Qxa5 Rd2
40. Qb6 Rxb2 41. Qc5 Rc2 42. Ne2 Rxe2 43. Kf1 Rb2 44. g3 Rb1+ 45. Kg2 Qe4+ 46.
f3 Rb2+ 47. Kh3 Qxf3 48. Qe5 Qf1+ 49. Kg4 f5+ 0-1

[Event "CAN op"]
[Site "Hamilton CAN"]
[Date "2022.07.14"]
[Round "5.89"]
[White "Finlay, Ian"]
[Black "Bolduc, Jacques"]
[Result "1-0"]
[WhiteElo "1914"]
[BlackElo "1460"]
[PlyCount "79"]
[EventDate "2022.07.12"]
[EventType "swiss"]
[EventRounds "9"]
[EventCountry "CAN"]

1. Nf3 d5 2. g3 Nf6 3. d3 Bg4 4. Nbd2 e6 5. Bg2 Bc5 6. O-O O-O 7. c4 c6 8. a3
Nbd7 9. b4 Be7 10. Bb2 a5 11. Qb3 a4 12. Qc3 Ne8 13. e4 Bf6 14. e5 Be7 15. d4
b6 16. Rfe1 c5 17. Nf1 Ra7 18. Ne3 Bxf3 19. Bxf3 cxd4 20. Qxd4 dxc4 21. Nxc4 f6
22. Bg4 f5 23. Bf3 Qb8 24. Rad1 Qc7 25. Rc1 Qb8 26. Rc2 Rc7 27. Rec1 b5 28. Na5
Rxc2 29. Rxc2 Nb6 30. Nc6 Qc7 31. Nxe7+ Qxe7 32. Qxb6 Qd7 33. Qd4 Qf7 34. Bc1
Qg6 35. Bf4 h5 36. h4 Qf7 37. Be2 Nc7 38. Rc5 Qe7 39. Bg5 Rd8 40. Qxd8+ 1-0

[Event "CAN op"]
[Site "Hamilton CAN"]
[Date "2022.07.14"]
[Round "5.90"]
[White "Wu, Jonathan"]
[Black "Gillis, Doug"]
[Result "1-0"]
[WhiteElo "1891"]
[BlackElo "1417"]
[PlyCount "53"]
[EventDate "2022.07.12"]
[EventType "swiss"]
[EventRounds "9"]
[EventCountry "CAN"]

1. e4 d6 2. d4 Nf6 3. Nc3 c6 4. Be3 g6 5. f3 Bg7 6. Qd2 O-O 7. O-O-O Qc7 8. Bh6
b5 9. h4 a5 10. h5 e5 11. Bxg7 Kxg7 12. hxg6 fxg6 13. Qh6+ Kg8 14. dxe5 dxe5
15. Nh3 Bxh3 16. Rxh3 Qg7 17. Qe3 Ra7 18. a4 b4 19. Bc4+ Kh8 20. Ne2 Rd7 21.
Rdh1 Qe7 22. Rh6 Qg7 23. Qg5 Nh5 24. g4 Nf4 25. Nxf4 exf4 26. Rxg6 Qe7 27. Rg8+
1-0

[Event "CAN op"]
[Site "Hamilton CAN"]
[Date "2022.07.14"]
[Round "5.91"]
[White "Jiang, David"]
[Black "Wu, Benjamin"]
[Result "1/2-1/2"]
[WhiteElo "1678"]
[BlackElo "1870"]
[PlyCount "107"]
[EventDate "2022.07.12"]
[EventType "swiss"]
[EventRounds "9"]
[EventCountry "CAN"]

1. d4 Nf6 2. c4 e6 3. Nc3 Bb4 4. Nf3 O-O 5. Bg5 d5 6. e3 c6 7. Bd3 dxc4 8. Bxc4
Qa5 9. O-O Bxc3 10. bxc3 Qxc3 11. Bxf6 gxf6 12. Rc1 Qa5 13. Nd2 Kh8 14. f4 Nd7
15. Ne4 Qd8 16. Qh5 Qe7 17. Rf3 f5 18. Ng5 Nf6 19. Qh4 h5 20. Rh3 Rg8 21. Be2
Kg7 22. Bxh5 Rh8 23. Qg3 Nxh5 24. Rxh5 Rxh5 25. Nxe6+ Kf6 26. Ng7 Qa3 27. Nxh5+
Ke6 28. Re1 Qxa2 29. Qg7 Qd5 30. Qf8 Qd7 31. Ng7+ Kf6 32. h4 b6 33. Qh8 Bb7 34.
Nh5+ Ke7 35. Qf6+ Kf8 36. Ng7 Bc8 37. h5 Qe7 38. Qh6 Kg8 39. Qxc6 Rb8 40. h6
Be6 41. Nxe6 Qxe6 42. Qc7 Rc8 43. Qxa7 Rc1 44. Qb8+ Kh7 45. Rxc1 Qxe3+ 46. Kh2
Qxc1 47. Qe5 Kxh6 48. Qxf5 Kg7 49. d5 Qc5 50. Qd3 Qd6 51. Kg3 f6 52. Kf3 Kh6
53. g4 Kg7 54. g5 1/2-1/2

[Event "CAN op"]
[Site "Hamilton CAN"]
[Date "2022.07.14"]
[Round "5.92"]
[White "Sharpe, Michael"]
[Black "Bokhout, Peter"]
[Result "0-1"]
[WhiteElo "1519"]
[BlackElo "1852"]
[PlyCount "78"]
[EventDate "2022.07.12"]
[EventType "swiss"]
[EventRounds "9"]
[EventCountry "CAN"]

1. c4 Nf6 2. Nc3 g6 3. g3 Bg7 4. Bg2 Nc6 5. Nf3 O-O 6. O-O e5 7. d3 d6 8. Bg5
h6 9. Bd2 Be6 10. e4 Qd7 11. Nd5 Ne8 12. Rc1 f5 13. Nh4 Kh7 14. b4 Nd4 15. Nf3
fxe4 16. Nxd4 exd4 17. Bxe4 c6 18. Nf4 Bf5 19. Bxf5 Qxf5 20. Be1 Nf6 21. f3
Rae8 22. Bf2 c5 23. bxc5 dxc5 24. Qc2 Nd7 25. Rcd1 Ne5 26. Be1 g5 27. Nd5 Nxf3+
28. Kh1 g4 29. Qg2 Re5 30. Bd2 Rfe8 31. Bf4 Re2 32. Rf2 Re1+ 33. Rxe1 Rxe1+ 34.
Rf1 Qxd3 35. Rxe1 Nxe1 36. Qf2 Qe4+ 37. Kg1 Nf3+ 38. Kf1 d3 39. Qe3 Qxc4 0-1

[Event "CAN op"]
[Site "Hamilton CAN"]
[Date "2022.07.14"]
[Round "5.93"]
[White "Wang, Andy"]
[Black "Mourgelas, James"]
[Result "1-0"]
[WhiteElo "1806"]
[BlackElo "1346"]
[PlyCount "73"]
[EventDate "2022.07.12"]
[EventType "swiss"]
[EventRounds "9"]
[EventCountry "CAN"]

1. e4 g6 2. d4 Bg7 3. Nf3 d6 4. Be3 b6 5. Bb5+ Bd7 6. Bd3 Bc6 7. c4 Bb7 8. Qc2
Nd7 9. Nc3 e6 10. d5 e5 11. O-O Ngf6 12. b4 a6 13. a4 O-O 14. Rfb1 Qe7 15. a5
Rfb8 16. b5 Nc5 17. Bxc5 bxc5 18. Nd2 Bc8 19. Rb3 Qd8 20. Qa2 Nd7 21. Rab1 Bh6
22. Nf1 Bg5 23. Ng3 Bh6 24. Be2 Bg5 25. Bg4 Nf8 26. Bxc8 Rxc8 27. b6 cxb6 28.
Rxb6 Rcb8 29. h3 Be7 30. Qa4 Rc8 31. Rc6 Rcb8 32. Rbb6 Nd7 33. Rxa6 Rb4 34.
Rxa8 Qxa8 35. Qa2 Kg7 36. Nb5 Bf8 37. a6 1-0

[Event "CAN op"]
[Site "Hamilton CAN"]
[Date "2022.07.14"]
[Round "5.94"]
[White "Liu, Sean"]
[Black "Jiang, Barron Jiyu"]
[Result "1/2-1/2"]
[WhiteElo "1208"]
[BlackElo "1791"]
[PlyCount "59"]
[EventDate "2022.07.12"]
[EventType "swiss"]
[EventRounds "9"]
[EventCountry "CAN"]

1. e4 c5 2. c4 d6 3. Nc3 Nc6 4. Nf3 g6 5. h3 Bg7 6. d3 e6 7. Be2 Nge7 8. Be3 a6
9. d4 cxd4 10. Nxd4 O-O 11. O-O Qc7 12. Rc1 f5 13. exf5 Nxf5 14. Nxf5 gxf5 15.
Na4 f4 16. Bb6 Qe7 17. Bf3 Ne5 18. c5 Bd7 19. cxd6 Qg5 20. Nc5 Rae8 21. Bxb7 f3
22. g3 Qh5 23. h4 Qg4 24. Kh2 Rf5 25. Rh1 Qb4 26. Nxd7 Nxd7 27. Be3 Qxb7 28.
Rc7 Qxb2 29. Rxd7 Qxa2 30. Ra7 1/2-1/2

[Event "CAN op"]
[Site "Hamilton CAN"]
[Date "2022.07.14"]
[Round "5.95"]
[White "Buscar, Bernard"]
[Black "Yang, Nathan"]
[Result "1-0"]
[WhiteElo "1789"]
[BlackElo "1169"]
[PlyCount "55"]
[EventDate "2022.07.12"]
[EventType "swiss"]
[EventRounds "9"]
[EventCountry "CAN"]

1. d4 d5 2. c4 c6 3. Nc3 Nf6 4. Nf3 Bf5 5. e3 e6 6. Be2 dxc4 7. Bxc4 b5 8. Bb3
Nbd7 9. O-O Bg4 10. h3 Bh5 11. Re1 Bd6 12. e4 Bb4 13. Bg5 h6 14. Bh4 Qa5 15.
Rc1 O-O 16. a3 Bxc3 17. Rxc3 Qb6 18. Qd2 c5 19. dxc5 Nxc5 20. Bxf6 Nxb3 21.
Rxb3 gxf6 22. Qxh6 Bg6 23. Nh4 Qa5 24. Rbe3 Rfd8 25. Nxg6 fxg6 26. Qxg6+ Kf8
27. Qxf6+ Ke8 28. Qxe6+ 1-0

[Event "CAN op"]
[Site "Hamilton CAN"]
[Date "2022.07.14"]
[Round "5.97"]
[White "Perez, Gilbert"]
[Black "Huang, Youhe"]
[Result "0-1"]
[WhiteElo "1928"]
[BlackElo "2237"]
[PlyCount "118"]
[EventDate "2022.07.12"]
[EventType "swiss"]
[EventRounds "9"]
[EventCountry "CAN"]

1. e4 e6 2. d3 d5 3. Nd2 c5 4. Ngf3 Nc6 5. g3 g6 6. Bg2 Bg7 7. O-O Nge7 8. Re1
O-O 9. c3 b5 10. Qc2 a5 11. Nf1 a4 12. e5 f6 13. d4 cxd4 14. cxd4 Qb6 15. Be3
Nf5 16. Qd2 Nxe3 17. Qxe3 fxe5 18. dxe5 Qxe3 19. Rxe3 Bd7 20. Rb1 Rac8 21. h4
Na5 22. Ree1 Bh6 23. Nd4 Rc4 24. Rbd1 Rb4 25. Re2 Rc8 26. f4 Bf8 27. Kh1 Bc5
28. Nf3 Nc4 29. Rb1 Bb6 30. Bh3 Na3 31. Rd1 Nc4 32. Ng5 Rxb2 33. Rxb2 Nxb2 34.
Rb1 Nd3 35. Bxe6+ Bxe6 36. Nxe6 b4 37. Ng5 Rc2 38. Nf3 Rxa2 39. N3d2 Nf2+ 40.
Kg2 Nd3 41. Kf3 Ba5 42. Ke3 Ra3 43. Kd4 Rc3 44. Kxd5 a3 45. Nb3 Rxb3 46. Rxb3
a2 47. Rxd3 a1=Q 48. Ne3 Qa2+ 49. Nc4 b3 50. e6 b2 51. e7 Kf7 52. Kc5 Qxc4+ 53.
Kxc4 b1=Q 54. Re3 Ke8 55. Kd5 Qb5+ 56. Ke4 Kxe7 57. g4 Bb6 58. Rg3 Qe2+ 59. Kd5
Qe6# 0-1

[Event "CAN op"]
[Site "Hamilton CAN"]
[Date "2022.07.14"]
[Round "5.98"]
[White "Dickson, Kirk"]
[Black "Katrib, Jordan"]
[Result "0-1"]
[WhiteElo "1780"]
[BlackElo "1344"]
[PlyCount "134"]
[EventDate "2022.07.12"]
[EventType "swiss"]
[EventRounds "9"]
[EventCountry "CAN"]

1. d4 Nf6 2. e3 b6 3. f4 Bb7 4. Nf3 c5 5. c3 e6 6. Bd3 Be7 7. Nbd2 d5 8. O-O
Nbd7 9. Ne5 h5 10. Rf3 Ne4 11. Rh3 Nxe5 12. fxe5 Bg5 13. Nxe4 dxe4 14. Bb5+ Ke7
15. Rxh5 Bh6 16. Qg4 Qg8 17. Bd2 a6 18. Be2 Qh7 19. Rf1 f5 20. exf6+ gxf6 21.
Qh4 Qg7 22. Qh3 Rag8 23. g3 Bc8 24. Qh4 Qg6 25. Kh1 Bg5 26. Qh3 e5 27. g4 Rxh5
28. Qxh5 Qxh5 29. gxh5 exd4 30. cxd4 cxd4 31. Bb4+ Kd8 32. exd4 Bb7 33. Bc4 Rg7
34. Bf8 Rc7 35. Bb3 e3+ 36. d5 e2 37. Re1 Rc1 38. Bb4 a5 39. Bc3 Rxe1+ 40. Bxe1
Bc8 41. Bc4 Bg4 42. Kg2 Bxh5 43. h4 Be3 44. Bd3 Bd4 45. b3 Kd7 46. Be4 Kd6 47.
Bf3 Bxf3+ 48. Kxf3 Kxd5 49. Kxe2 Ke4 50. Bg3 f5 51. h5 b5 52. a4 bxa4 53. bxa4
Bc3 54. Be1 Bxe1 55. Kxe1 Ke5 56. h6 Kf6 57. h7 Kg7 58. h8=Q+ Kxh8 59. Kf2 Kg7
60. Kf3 Kf6 61. Kf4 Ke6 62. Ke3 Ke5 63. Kf3 Kd4 64. Kf4 Kc4 65. Kxf5 Kb4 66.
Ke4 Kxa4 67. Kd3 Kb3 0-1

[Event "CAN op"]
[Site "Hamilton CAN"]
[Date "2022.07.14"]
[Round "5.99"]
[White "Sen, Arya"]
[Black "Fakoorziba, Payam"]
[Result "0-1"]
[WhiteElo "1745"]
[BlackElo "1003"]
[PlyCount "68"]
[EventDate "2022.07.12"]
[EventType "swiss"]
[EventRounds "9"]
[EventCountry "CAN"]

1. Nf3 Nf6 2. c4 c5 3. g3 g6 4. Bg2 Bg7 5. O-O Nc6 6. Nc3 d6 7. a3 a5 8. Nb5
Bf5 9. d4 cxd4 10. Nfxd4 Bd7 11. e4 O-O 12. f4 Nxd4 13. Nxd4 Qb6 14. Kh1 Nxe4
15. Be3 Nf6 16. Nf5 Qd8 17. Nxg7 Kxg7 18. Qb3 Bc6 19. Bb6 Bxg2+ 20. Kxg2 Qd7
21. Rfe1 a4 22. Qe3 Rfe8 23. Rac1 Rac8 24. h3 Kg8 25. Bd4 d5 26. Rcd1 dxc4 27.
Kh2 Qc6 28. g4 Nd5 29. Qe5 f6 30. Qe4 c3 31. bxc3 Qxc3 32. Qe6+ Kf8 33. Rc1
Qb2+ 34. Qe2 Qxe2+ 0-1

[Event "CAN op"]
[Site "Hamilton CAN"]
[Date "2022.07.14"]
[Round "5.100"]
[White "Buchanan, Jessica"]
[Black "Crooks, Israel"]
[Result "1-0"]
[WhiteElo "896"]
[BlackElo "1611"]
[PlyCount "125"]
[EventDate "2022.07.12"]
[EventType "swiss"]
[EventRounds "9"]
[EventCountry "CAN"]

1. d4 Nf6 2. Nf3 g6 3. g3 Bg7 4. Bg2 d6 5. O-O O-O 6. b4 c6 7. c3 a5 8. Bb2 h6
9. h4 Be6 10. Nbd2 Nbd7 11. a4 Nb6 12. e4 Nc4 13. Nxc4 Bxc4 14. Re1 Qb6 15. Qd2
Rfd8 16. e5 Nd5 17. Ba3 axb4 18. Bxb4 Nxb4 19. cxb4 Qc7 20. Qc3 Be6 21. a5 Qd7
22. Nh2 dxe5 23. dxe5 Qd2 24. Qxd2 Rxd2 25. f4 Bc4 26. Bf1 Bd5 27. Rad1 Rb2 28.
Rb1 Rc2 29. Re2 Rc3 30. Kf2 Rd8 31. Re3 Rc2+ 32. Re2 Rc3 33. Rd2 f6 34. Bg2
fxe5 35. Bxd5+ cxd5 36. fxe5 Bxe5 37. Nf3 Rf8 38. Rxd5 Rfxf3+ 39. Ke2 Rce3+ 40.
Kd2 Bc3+ 41. Kc2 Re2+ 42. Kb3 Re4 43. Ka4 Rxg3 44. Rb5 Rg2 45. Rxb7 Re5 46. Ra7
Re6 47. Kb5 Rg4 48. Rc7 Ree4 49. Rxc3 Rxh4 50. a6 Rh5+ 51. Kb6 Re6+ 52. Rc6 Re2
53. a7 Ra2 54. Rc8+ Kf7 55. a8=Q Rxa8 56. Rxa8 Rh4 57. b5 Rc4 58. Ka7 Ra4+ 59.
Kb8 Rc4 60. b6 Ke6 61. b7 Kd7 62. Ka7 Ra4+ 63. Kb6 1-0

[Event "CAN op"]
[Site "Hamilton CAN"]
[Date "2022.07.14"]
[Round "5.101"]
[White "Gao, Justin"]
[Black "Higgins, Brian"]
[Result "1-0"]
[WhiteElo "1587"]
[BlackElo "933"]
[PlyCount "105"]
[EventDate "2022.07.12"]
[EventType "swiss"]
[EventRounds "9"]
[EventCountry "CAN"]

1. e4 g6 2. d4 Bg7 3. Nf3 d6 4. Bf4 Nf6 5. Nbd2 O-O 6. Bd3 Nc6 7. O-O Nxd4 8.
Nxd4 e5 9. Bxe5 dxe5 10. N4f3 Re8 11. Re1 b6 12. Qe2 a5 13. Rad1 Nh5 14. Nf1
Nf4 15. Qd2 Nxd3 16. Qxd3 Qe7 17. Ne3 Ba6 18. Qb3 a4 19. Qc3 f5 20. Nd5 Qf7 21.
Qxc7 Rac8 22. Qxb6 Bb7 23. Ng5 Rc6 24. Nxf7 Rxb6 25. Nxb6 Kxf7 26. Rd7+ Re7 27.
Rxe7+ Kxe7 28. exf5 gxf5 29. Nxa4 Bc6 30. b3 e4 31. Rd1 Be5 32. Nb6 Ke6 33. Nc4
Bc7 34. a4 h5 35. a5 Bb7 36. Nb6 Bc6 37. c4 Kf6 38. Nd5+ Bxd5 39. Rxd5 Bb8 40.
b4 Ke6 41. b5 Bf4 42. b6 e3 43. fxe3 Bxe3+ 44. Kf1 Bf4 45. a6 Bxh2 46. a7 Bd6
47. Rxd6+ Kxd6 48. a8=Q Kc5 49. b7 Kxc4 50. b8=Q f4 51. Qa3 Kd5 52. Qbd6+ Ke4
53. Qad3# 1-0